MyGZULibrary

Militant shadow / (Record no. 4352)

MARC details
000 -LEADER
fixed length control field 00803cam a22002897a 4500
001 - CONTROL NUMBER
control field 17309756
003 - CONTROL NUMBER IDENTIFIER
control field GZU
005 - DATE AND TIME OF LATEST TRANSACTION
control field 20210315151246.0
008 - FIXED-LENGTH DATA ELEMENTS--GENERAL INFORMATION
fixed length control field 120519s2012 rh 000 p eng
010 ## - LIBRARY OF CONGRESS CONTROL NUMBER
LC control number 2012314069
020 ## - INTERNATIONAL STANDARD BOOK NUMBER
International Standard Book Number 9780797449008
040 ## - CATALOGING SOURCE
Original cataloging agency DLC
Transcribing agency DLC
042 ## - AUTHENTICATION CODE
Authentication code lcode
050 00 - LIBRARY OF CONGRESS CALL NUMBER
Classification number PR9390 MAS 2012
100 1# - MAIN ENTRY--PERSONAL NAME
Personal name Masitera, Lilian.
Relator term author
245 10 - TITLE STATEMENT
Title Militant shadow /
Statement of responsibility, etc. Lilian Masitera.
250 ## - EDITION STATEMENT
Edition statement 2nd ed.
260 ## - PUBLICATION, DISTRIBUTION, ETC.
Place of publication, distribution, etc. Harare :
Name of publisher, distributor, etc. Now I can Play,
Date of publication, distribution, etc. 2012.
300 ## - PHYSICAL DESCRIPTION
Extent 60 p. ;
Dimensions 21 cm.
500 ## - GENERAL NOTE
General note First published in 1996 by Minerva Press, London.
650 ## - SUBJECT ADDED ENTRY--TOPICAL TERM
Source of heading or term Women.
650 ## - SUBJECT ADDED ENTRY--TOPICAL TERM
Source of heading or term Mothers.
650 ## - SUBJECT ADDED ENTRY--TOPICAL TERM
Source of heading or term Girls.
906 ## - LOCAL DATA ELEMENT F, LDF (RLIN)
a 7
b cbc
c origode
d 4
e ncip
f 20
g y-gencatlg
942 ## - ADDED ENTRY ELEMENTS (KOHA)
Source of classification or shelving scheme Library of Congress Classification
Koha item type Books
Classification part 9390
Item part MAS
Call number prefix PR
Holdings
Withdrawn status Lost status Damaged status Not for loan Collection code Home library Current library Shelving location Date acquired Inventory number Total Checkouts Full call number Barcode Date last seen Copy number Price effective from Koha item type Source of classification or shelving scheme
        Non-fiction City Campus Library City Campus Library General Stacks 03/15/2021 13878   PR9390 MAS 2012 009630 03/15/2021 c.1 03/15/2021 Books  
        Non-fiction City Campus Library City Campus Library General Stacks 03/17/2021 13880   PR 9390 MAS 2012 13880 03/17/2021 C.2 03/17/2021 Books  
        Non-fiction City Campus Library City Campus Library General Stacks 03/17/2021 13879   PR 9390 MAS 2012 025142 03/17/2021 C.3 03/17/2021 Books  
        Fiction Mashava Campus Library Mashava Campus Library General Stacks 05/20/2021     PR 9390 MAS 2012 009631 05/20/2021 c.4 05/20/2021 Books Library of Congress Classification
        Fiction Mashava Campus Library Mashava Campus Library General Stacks 05/20/2021 009632   PR 9390 MAS 2012 009632 05/21/2021 c. 5 05/20/2021 Books Library of Congress Classification